LEADER 01631oam 2200481K 450 001 9910712909203321 005 20180924045821.8 024 8 $aGOVPUB-C13-baa5e93e3ff82a0446b99c629e97550c 035 $a(CKB)5470000002499105 035 $a(OCoLC)629721430$z(OCoLC)664529230$z(OCoLC)681180109 035 $a(OCoLC)995470000002499105 035 $a(EXLCZ)995470000002499105 100 $a20100523d1965 ua 0 101 0 $aeng 135 $aurbn||||||abp 135 $aurbn||||||ada 181 $ctxt$2rdacontent 182 $cc$2rdamedia 183 $acr$2rdacarrier 200 10$aSpot diagrams for the prediction of lens performance from design data /$fOrestes N. Stavroudis and Loyd E. Sutton 210 1$aWashington, D.C. :$cU.S. Dept. of the Commerce, National Bureau of Standards :$cG.P.O.,$d1965. 215 $a1 online resource (iii, 96 pages) $cillustrations 225 1 $aNBS monograph ;$v93 320 $aIncludes bibliographical references (page 15).$b20 606 $aPhotographic lenses 606 $aPhotographic lenses$2fast 615 0$aPhotographic lenses. 615 7$aPhotographic lenses. 676 $a681.423 700 $aStavroudis$b O. N$g(Orestes Nicholas),$f1923-$027009 702 $aSutton$b Loyd E. 712 02$aUnited States.$bNational Bureau of Standards. 801 0$bOCLCE 801 1$bOCLCE 801 2$bAZU 801 2$bOCLCQ 801 2$bOCLCO 801 2$bOCLCF 801 2$bOCLCQ 906 $aBOOK 912 $a9910712909203321 996 $aSpot diagrams for the prediction of lens performance from design data$93447616 997 $aUNINA LEADER 01540oam 2200409zu 450 001 9910142241203321 005 20210807000315.0 010 $a0-7381-1013-2 035 $a(CKB)1000000000035847 035 $a(SSID)ssj0000996505 035 $a(PQKBManifestationID)12472654 035 $a(PQKBTitleCode)TC0000996505 035 $a(PQKBWorkID)10988371 035 $a(PQKB)10612317 035 $a(NjHacI)991000000000035847 035 $a(EXLCZ)991000000000035847 100 $a20160829d1998 uy 101 0 $aeng 135 $aur||||||||||| 181 $ctxt 182 $cc 183 $acr 200 00$a1997 IEEE Recommended Practice for Seismic Design of Substations 210 31$a[Place of publication not identified]$cIEEE$d1998 215 $a1 online resource (vi, 122 pages) 300 $aBibliographic Level Mode of Issuance: Monograph 311 $a0-7381-0234-2 320 $aIncludes bibliographical references. 330 $aRecommendations for seismic of substations, including qualification of each equipment type, are discussed. Design recommendations consist of seismic criteria, qualification methods and levels, structural capacities, performance requirements for equipment operation, installation methods, and documentation. 606 $aEarthquake engineering 615 0$aEarthquake engineering. 676 $a624.1762 801 0$bPQKB 906 $aDOCUMENT 912 $a9910142241203321 996 $a1997 IEEE Recommended Practice for Seismic Design of Substations$92577263 997 $aUNINA